000 00705nam a2200289Ia 4500
005 20260324134047.0
008 008 260324s9999 xx 000 0 eng d
020 _a9781351282321
037 _aEBOOK
040 _aCRL
040 _beng
040 _cCRL
041 _2eng
041 _aeng
084 _qCRL
100 _aPenelope Canan; Nancy Reichman
_91195421
245 0 _aOzone Connections
245 0 _bExpert Networks in Global Environmental Governance
260 _bTaylor and Francis
260 _c2002
365 _a
365 _b74.99
856 _uhttp://www.taylorfrancis.com/books/9781351282321
942 _cEBOOK
999 _c1795093
_d1795093